| 000 | 01642nam0a2200373 4500 | ||
|---|---|---|---|
| 001 | RU\NLR\BIBL_A\012127541 | ||
| 005 | 20191125155601.0 | ||
| 010 |
_a978-5-699-98507-4 _92000 |
||
| 021 |
_aRU _bКН-П-19-073953 _9КН-П-19-5338 |
||
| 035 | _a(NLR Aleph) 012127541 | ||
| 035 | _a(RuMoRGB)010109350 | ||
| 090 |
_a12028152 _c12028152 |
||
| 100 | _a20191024d2019 u y0rusy50 ca | ||
| 101 | 1 |
_arus _ceng |
|
| 102 | _aRU | ||
| 105 | _aa|||z|||000zy | ||
| 200 | 1 |
_a76 моделей коучинга _eопыт McKinsey, Ицхака Адизеса, Эрика Берна и других выдающихся лидеров для превосходных результатов _fБоб Бейтс _g[перевод с английского И. Вихоревой] |
|
| 210 |
_aМосква _cБомбора™ _cЭксмо _d2019 |
||
| 215 |
_a317, [1] с. _cил., табл. _d22 |
||
| 225 | 1 | _aЛучший мировой опыт | |
| 300 | _aЗагл. и авт. ориг.: The little book of big coaching models / Bob Bates | ||
| 320 | _aБиблиогр.: с. 311-316 | ||
| 333 | _a12+ | ||
| 454 | 0 |
_12001#$aThe little book of big coaching models$fBob Bates _1700#1$aBates$bB.$gBob |
|
| 517 | 1 | _aСемьдесят шесть моделей коучинга | |
| 606 | 1 |
_aБизнес-тренинги _jПопулярные издания _2nlr_sh1 _2nlr_sh2 _3RU\NLR\AUTH\661255006 |
|
| 686 | 1 | _aС550.373я9 | |
| 686 | 1 | _aС550.422.1я9 | |
| 700 | 1 |
_aБейтс _bБ. _gБоб |
|
| 942 | _cBOOK | ||
| 980 | _aNBR | ||
| 980 | _aNB | ||